000 00586nam a2200217Ia 4500
003 GCL
008 140319s9999 xx 000 0 eng d
040 _aGCL /
_cGCL
082 0 4 _a363.7
_bA E
100 1 _aANDERSON, STANLES H.
245 1 0 _aENVIRONMENTAL SCIENCE /
_cANDERSON, STANLES H.
700 1 _aBEISWENGER, PANALDE
700 1 _aPURDOM, P.
260 _a[S.N] :
_bMACMILLON PUBLISHING CONPANY ،
_c1993
300 _a488 P
650 0 4 _aENVIRONMENTAL POLICY
650 0 4 _aECOLOGY
650 0 4 _aENVIRONMENT OF PRATECTION
650 0 4 _aHUMAN ECOLOGY
942 _2ddc
_cBK
999 _c10907
_d10907